| 000 | 00586caa a22001692a 4500 | ||
|---|---|---|---|
| 001 | 015263 | ||
| 003 | AR-FADEU | ||
| 008 | 311216n########xxu####################dd | ||
| 092 |
_a821.3 _bD685j |
||
| 100 | _aGardner, Helen | ||
| 245 | _aThe religious poetry of John Donne | ||
| 300 | _aPP. 123-136 | ||
| 500 | _aEn: John Donne, a collection of critical essays / ed. Helen Gardner. New Jersey : Prentice-Hall, Inc., 1962 | ||
| 546 | _aInglés | ||
| 942 | _cBDGR | ||
| 999 |
_c21021 _d21021 |
||
| 773 | 0 |
_021011 _920700 _a _b _dNew Jersey _o01566 _tJOHN Donne : a collection of critical essays _w( AR-FADEU) 015253 _x _z |
|